000 00345nam a2200133Ia 4500
008 151001s9999||||xx |||||||||||||| ||und||
100 _aजयश्री घड्याळे
245 _aपंकजा
250 _a1
260 _bगुरु ओम प्रकाश
260 _c1983
300 _a136
365 _b18
999 _c963361
_d963358